| 000 | 00379nam a2200145Ia 4500 | ||
|---|---|---|---|
| 008 | 191201s2008 xx 000 0 und d | ||
| 082 | _a338.4'7687TYC | ||
| 100 | _aTYLER, David J | ||
| 245 | 0 | _aCarr and Latham's Technology of Clothing Manufacture | |
| 250 | _a4th | ||
| 260 |
_aAustralia _bBlack Well Science _c2008 |
||
| 300 | _a330 | ||
| 650 | _aB.Tech(TE) | ||
| 942 |
_2ddc _cBK |
||
| 999 |
_c4523 _d4523 |
||